Stavebníctvo
Z obsahu prílohy: Prvá výstava v nových priestoroch Incheby bude venovaná stavebníctvu a úsporám energie. Po smutnom roku 1993 stavebníctvo v západnej Európe pomaly ožíva. Experti na ruské stavebné trhy sú v Nitre. Na Vodné dielo Žilina sa dodnes nepodarilo zohnať peniaze. Sklocement začína oživovať...
Salvato in:
| Natura: | Capitolo di libro |
|---|---|
| Lingua: | slovacco |
| Soggetti: | |
| Tags: |
Nessun Tag, puoi essere il primo ad aggiungerne!!
|
MARC
| LEADER | 00000naa a2200000 4500 | ||
|---|---|---|---|
| 001 | r019870 | ||
| 005 | 20221213101121.5 | ||
| 041 | 0 | |a slo | |
| 044 | |a SK | ||
| 245 | 1 | 0 | |a Stavebníctvo |
| 520 | |a Z obsahu prílohy: Prvá výstava v nových priestoroch Incheby bude venovaná stavebníctvu a úsporám energie. Po smutnom roku 1993 stavebníctvo v západnej Európe pomaly ožíva. Experti na ruské stavebné trhy sú v Nitre. Na Vodné dielo Žilina sa dodnes nepodarilo zohnať peniaze. Sklocement začína oživovať stavby na Slovensku. | ||
| 610 | 2 | 0 | |a stavebníctvo |
| 610 | 2 | 0 | |a výstavba bytová |
| 610 | 2 | 0 | |a financovanie |
| 610 | 2 | 0 | |a stavby vodné |
| 610 | 2 | 0 | |a Slovensko |
| 610 | 2 | 0 | |a Európa |